000 00765nam a2200241 4500
001 5985
010 _a9724503062
021 _b5671/84
090 _a5985
100 _a20211231d1981 k||y0pory5003 ba
200 1 _aEstação Brooklyn Terminal Cosmos
_fJ.- C. Mezieres e P. Christin
_gcor E. Tran-Lê
210 _aLisboa
_cMeribérica/Liber
_dD.L. 1984
215 _a47 p.
_cprincipalmente il. color.
225 2 _aVALERIAN agente espácio-temporal
304 _aTít. ori.: Brooklyn Station Terminus Cosmos
606 _91862
_aBanda Desenhada
675 _a82-9
_vmed
_zpor
700 _aMezieres
_bJ.-C.
_f1938-
_94751
701 _aChristin
_bP.
_f1938-
_94752
702 _aTran-Lê
_bE.
_95664
801 0 _aPT
_bBMVN
_gRPC
830 _cInês Silva
_d31/12/2021
990 _cLIVROS